000 00969nam a2200277Ia 4500
003 OSt
005 20220923211236.0
006 a|||||r|||| 00| 0
007 ta
008 220922b |||||||| |||| 00| 0 hin d
020 _a9788171787623 (hbk)
_c350
024 _a284,521
037 _bBR8588, 30/03/2015, Rajkamal Prakashan Pvt. Ltd
_cTextual
040 _aARTS
_cARTS
_bhin
041 _2hin
_ahin
082 _aO152,6N25x, L7,N9.1
100 _aसोबती, कृष्णा
_9156318
245 0 _aहम हशमत 1
246 _aHam hashamat 1
260 _aनयी दिल्ली
_b राजकमल प्रकाशन
_c2012
300 _a270पृ.
_ccm.
490 _vभाग 1
650 _aहिन्दी साहित्य
_9156264
942 _hO152,6N25x, L7,N9.1
_cTEXL
_2CC
999 _c297505
_d297505